[Event "XXV Coppa d'Oro"]
[Site "Villa Guardia ITA"]
[Date "2007.10.19"]
[Round "3"]
[White "Schingaro, Angelo"]
[Black "Moioli, Ferruccio"]
[Result "0-1"]
[WhiteElo "1691"]
[BlackElo "1521"]
[PlyCount "48"]
[EventDate "2007.10.05"]

1. e4 g6 2. d4 Bg7 3. Nf3 d6 4. Nc3 Nc6 5. Be2 Bg4 6. Be3 Nf6 7. h3 Bd7 8. Qd2
h6 9. a4 a6 10. a5 Qc8 11. Bc4 O-O 12. Bxh6 Re8 13. Bxg7 Kxg7 14. e5 Nh7 15.
Qf4 Rf8 16. Ne4 Nb4 17. Bb3 Bf5 18. g4 Be6 19. Qe3 Nd5 20. Bxd5 Bxd5 21. O-O
Rh8 22. Nc3 Bxf3 23. Qxf3 Ng5 24. Qe3 Nxh3+ 0-1

[Event "XXV Coppa d'Oro"]
[Site "Villa Guardia ITA"]
[Date "2007.10.26"]
[Round "4"]
[White "Boffi, Luigi"]
[Black "Napoli, Ferdinando"]
[Result "1-0"]
[WhiteElo "1557"]
[BlackElo "1850"]
[PlyCount "83"]
[EventDate "2007.10.05"]

1. Nf3 Nf6 2. d4 g6 3. c4 Bg7 4. Nc3 O-O 5. e4 d6 6. Be2 e5 7. O-O Nc6 8. dxe5
Nxe5 9. Nxe5 dxe5 10. Bg5 c6 11. Qxd8 Rxd8 12. Rad1 Be6 13. Rd2 Rd4 14. b3 Rad8
15. Rfd1 R8d7 16. Be3 Rxd2 17. Rxd2 Rxd2 18. Bxd2 Bf8 19. f3 Bc5+ 20. Kf1 Bb4
21. Kf2 Nd7 22. Nb1 Bc5+ 23. Be3 Bd4 24. Na3 Kf8 25. Nc2 c5 26. Bxd4 exd4 27.
Ne1 f5 28. exf5 Bxf5 29. Bd3 Bxd3 30. Nxd3 Ke7 31. a3 Kd6 32. Ke2 Ne5 33. Nf2
g5 34. Ne4+ Kc6 35. Nxg5 h5 36. Ne4 Ng6 37. g3 Ne5 38. h4 a6 39. Nf6 b5 40.
cxb5+ axb5 41. f4 Nd7 42. Nxh5 1-0

[Event "XXV Coppa d'Oro"]
[Site "Villa Guardia ITA"]
[Date "2007.10.26"]
[Round "4"]
[White "Calabrese, Salvatore"]
[Black "Cairoli, Camillo"]
[Result "0-1"]
[WhiteElo "1323"]
[BlackElo "1937"]
[PlyCount "82"]
[EventDate "2007.10.05"]

1. e4 c5 2. Bc4 d6 3. Nc3 Nf6 4. d4 cxd4 5. Qxd4 Nc6 6. Bb5 Bd7 7. Bxc6 Bxc6 8.
e5 dxe5 9. Qxe5 Bxg2 10. Nb5 Rc8 11. Bf4 e6 12. Nc7+ Rxc7 13. Qxc7 Qxc7 14.
Bxc7 Nd5 15. Be5 f6 16. Bg3 Bb4+ 17. c3 Nxc3 18. a3 Ba5 19. Rc1 Na2+ 20. Kd1
Nxc1 21. Kxc1 Bxh1 22. f3 Bb6 23. Nh3 Bxf3 24. Kd2 Ke7 25. Kc3 Rc8+ 26. Kb4
Bc5+ 27. Kc3 Bxa3+ 28. Kd2 Bd6 29. Bf2 Bxh2 30. Bxa7 Bg4 31. Nf2 Bf4+ 32. Ke1
Rc1+ 33. Nd1 Rxd1+ 34. Kf2 Rd2+ 35. Kg1 Rxb2 36. Kf1 Bg3 37. Kg1 Bh3 38. Kh1
Rb1+ 39. Bg1 Bf2 40. Kh2 Rxg1 41. Kxh3 b5 0-1

[Event "XXV Coppa d'Oro"]
[Site "Villa Guardia ITA"]
[Date "2007.10.26"]
[Round "4"]
[White "Colombo, Alberto"]
[Black "Bellotto, Stefano"]
[Result "1-0"]
[WhiteElo "2099"]
[BlackElo "1999"]
[PlyCount "71"]
[EventDate "2007.10.05"]

1. Nf3 Nf6 2. d4 d5 3. Bg5 e6 4. Nbd2 Be7 5. e3 O-O 6. Bd3 b6 7. Qe2 Bb7 8. Ne5
Nbd7 9. f4 Ne4 10. Bxe7 Qxe7 11. Nxd7 Qxd7 12. Nf3 f6 13. O-O Qe7 14. c3 c5 15.
Rae1 Rac8 16. g4 g6 17. Qg2 Qg7 18. h4 h5 19. g5 f5 20. Bxe4 dxe4 21. Ne5 cxd4
22. cxd4 Ba6 23. Rf2 Kh7 24. Rc2 Qb7 25. Rec1 Bb5 26. Qd2 a5 27. Rc3 Bd3 28. b3
Rfe8 29. Qb2 b5 30. Rc5 Rxc5 31. Rxc5 Rc8 32. Qc1 Rxc5 33. Qxc5 Kg7 34. Qd6 Qc8
35. Qe7+ Kh8 36. Qf6+ 1-0

[Event "XXV Coppa d'Oro"]
[Site "Villa Guardia ITA"]
[Date "2007.10.26"]
[Round "4"]
[White "Corti, Filippo"]
[Black "Schingaro, Angelo"]
[Result "1/2-1/2"]
[WhiteElo "1619"]
[BlackElo "1691"]
[PlyCount "51"]
[EventDate "2007.10.05"]

1. Nf3 Nf6 2. g3 g6 3. Bg2 Bg7 4. O-O O-O 5. d4 d6 6. c4 Nbd7 7. Nc3 e5 8. d5
a5 9. e4 Nc5 10. Qc2 c6 11. dxc6 bxc6 12. Rd1 Qe7 13. Be3 Ne6 14. h3 c5 15. Nd5
Nxd5 16. cxd5 Nd4 17. Qd2 Nxf3+ 18. Bxf3 Bxh3 19. Bh6 Qf6 20. Bg2 Bxg2 21. Kxg2
Rfb8 22. Rh1 Rb4 23. Bg5 Rd4 24. Qxd4 exd4 25. Bxf6 Bxf6 26. Rab1 1/2-1/2

[Event "XXV Coppa d'Oro"]
[Site "Villa Guardia ITA"]
[Date "2007.10.26"]
[Round "4"]
[White "Curioni, Franco"]
[Black "Liscio, Giovanni"]
[Result "1-0"]
[WhiteElo "2197"]
[BlackElo "2018"]
[PlyCount "41"]
[EventDate "2007.10.05"]

1. e4 c5 2. c3 Nf6 3. e5 Nd5 4. d4 e6 5. Nf3 cxd4 6. cxd4 b6 7. Bc4 Ba6 8. Bxa6
Nxa6 9. O-O Be7 10. Nc3 Nac7 11. Ne4 d6 12. Bg5 Bxg5 13. Nfxg5 dxe5 14. dxe5
Kf8 15. Qh5 Qd7 16. Nd6 f6 17. Ngf7 Rg8 18. Qxh7 fxe5 19. Qh5 g5 20. Rfd1 Ke7
21. Nxe5 1-0

[Event "XXV Coppa d'Oro"]
[Site "Villa Guardia ITA"]
[Date "2007.10.26"]
[Round "4"]
[White "Grassetto, Gilberto"]
[Black "Larghi, Riccardo"]
[Result "0-1"]
[WhiteElo "1923"]
[BlackElo "1921"]
[PlyCount "90"]
[EventDate "2007.10.05"]

1. d4 Nf6 2. c4 e6 3. Nf3 b6 4. e3 Bb7 5. Nbd2 Bb4 6. a3 Bxd2+ 7. Nxd2 O-O 8.
b4 c5 9. Bb2 cxd4 10. exd4 d6 11. Qc2 Nbd7 12. Bd3 Qe7 13. O-O Rfc8 14. Rae1 a5
15. Qb1 Qd8 16. f4 axb4 17. axb4 Ra4 18. b5 d5 19. cxd5 Bxd5 20. f5 Qc7 21. h3
Qg3 22. Re2 Ba2 23. Rf3 Qxf3 24. Nxf3 Bxb1 25. Bxb1 Nd5 26. fxe6 fxe6 27. Kh2
N7f6 28. Rxe6 Rb4 29. Re2 Nc3 30. Bxc3 Rxb1 31. Be1 Rxb5 32. Bg3 Nd5 33. Re6 h6
34. h4 Rd8 35. Rc6 Rb2 36. h5 Ne3 37. Nh4 Nf1+ 38. Kh3 Rb3 39. Nf5 Nxg3 40.
Nxg3 Rxd4 41. Rg6 Rdd3 42. Kh2 Rxg3 43. Rxg3 Rxg3 44. Kxg3 Kf7 45. Kf4 Kf6 0-1

[Event "XXV Coppa d'Oro"]
[Site "Villa Guardia ITA"]
[Date "2007.10.26"]
[Round "4"]
[White "Laricini, Alberto"]
[Black "Calabrese, Mattia"]
[Result "1-0"]
[WhiteElo "1667"]
[BlackElo "1347"]
[PlyCount "85"]
[EventDate "2007.10.05"]

1. d4 f5 2. Nf3 Nf6 3. c4 g6 4. Nc3 Bg7 5. Bg5 O-O 6. e3 d6 7. Be2 Qe8 8. O-O
e5 9. dxe5 dxe5 10. Bxf6 Rxf6 11. Nd5 Rd6 12. Qb3 Qf7 13. Rfd1 Na6 14. Rac1 c5
15. a3 Nc7 16. Nc3 Qe7 17. Rxd6 Qxd6 18. Rd1 Qe7 19. Nd5 Nxd5 20. cxd5 Kh8 21.
d6 Qd7 22. Bb5 Qd8 23. d7 Bxd7 24. Rxd7 Qb6 25. Bc4 Qc6 26. Qd1 b5 27. Rd8+ Bf8
28. Rxa8 Qxa8 29. Bxb5 Qb7 30. Qd7 Qxd7 31. Bxd7 Bd6 32. Kf1 Kg7 33. Ke2 Kf6
34. Nd2 e4 35. Nc4 Bxh2 36. g3 g5 37. Kf1 h5 38. Kg2 f4 39. Kxh2 fxg3+ 40. fxg3
h4 41. Nd2 Ke5 42. gxh4 gxh4 43. Kh3 1-0

[Event "XXV Coppa d'Oro"]
[Site "Villa Guardia ITA"]
[Date "2007.10.26"]
[Round "4"]
[White "Moioli, Ferruccio"]
[Black "Gatti, Luigi"]
[Result "1-0"]
[WhiteElo "1521"]
[BlackElo "1425"]
[PlyCount "133"]
[EventDate "2007.10.05"]

1. d4 d5 2. Nc3 Nf6 3. Bf4 e6 4. Nb5 Na6 5. e3 c6 6. Nc3 Nb8 7. a3 Bd6 8. Bg5
Nbd7 9. Nf3 Qc7 10. Bd3 O-O 11. e4 dxe4 12. Nxe4 Nxe4 13. Bxe4 Re8 14. Qd3 h6
15. Bh7+ Kh8 16. Bh4 Be7 17. Bxe7 Rxe7 18. O-O f5 19. Bxf5 exf5 20. Qxf5 Nf6
21. Qg6 Qf4 22. Qg3 Qxg3 23. fxg3 Bf5 24. c3 Re2 25. Ne5 Be6 26. Rf2 Rxf2 27.
Kxf2 Kh7 28. h3 Rf8 29. Ke3 Bd5 30. Rg1 Ne4 31. c4 Bxc4 32. Kxe4 Bd5+ 33. Ke3
h5 34. h4 Kh6 35. b4 a6 36. a4 g5 37. a5 Rg8 38. Nf3 gxh4 39. gxh4 Kg6 40. g4
Rf8 41. Ne5+ Kh6 42. g5+ Kg7 43. g6 Re8 44. Rg5 Kh6 45. g7 Bg8 46. Kf4 Re7 47.
Rg6+ Kh7 48. Kg5 Rxg7 49. Rxg7+ Kxg7 50. Kxh5 Bh7 51. Kg5 Be4 52. h5 Kh7 53.
Nd7 Bf3 54. Nc5 Be2 55. Nxb7 Bc4 56. Nd6 Bd5 57. Ne8 Bc4 58. h6 Bb5 59. Nf6+
Kh8 60. Kf4 Ba4 61. Ke5 Bc2 62. Kd6 Ba4 63. Kc5 Bb5 64. Kb6 c5 65. bxc5 Bc6 66.
d5 Bxd5 67. Nxd5 1-0

[Event "XXV Coppa d'Oro"]
[Site "Villa Guardia ITA"]
[Date "2007.10.26"]
[Round "4"]
[White "Raineri, Pieroberto"]
[Black "Ghelfi, Giancarlo"]
[Result "1/2-1/2"]
[WhiteElo "1614"]
[BlackElo "1538"]
[PlyCount "64"]
[EventDate "2007.10.05"]

1. d4 Nf6 2. c4 g6 3. Nc3 Bg7 4. e4 d6 5. Bg5 h6 6. Be3 Nbd7 7. f3 e5 8. d5 O-O
9. Qd2 Kh7 10. Nh3 a5 11. g4 g5 12. Nf2 Ng8 13. Ne2 b6 14. Ng3 Ndf6 15. Nf5 Bd7
16. Bd3 Bxf5 17. gxf5 Kh8 18. h3 Nh5 19. Ng4 Nf4 20. Bf2 h5 21. Ne3 Nh6 22.
O-O-O Bf6 23. Be2 h4 24. Kb1 Qd7 25. Bf1 Kh7 26. Rh2 Qe7 27. Nc2 Rg8 28. Na3
Bh8 29. Nb5 f6 30. Be3 Nf7 31. Bxf4 exf4 32. Be2 Ne5 1/2-1/2

[Event "XXV Coppa d'Oro"]
[Site "Villa Guardia ITA"]
[Date "2007.10.26"]
[Round "4"]
[White "Zuccoli, Maurizio"]
[Black "Bevilacqua, Roberto"]
[Result "0-1"]
[WhiteElo "1885"]
[BlackElo "2159"]
[PlyCount "66"]
[EventDate "2007.10.05"]

1. e4 d5 2. exd5 Nf6 3. d4 Bg4 4. Nf3 Bxf3 5. Qxf3 Qxd5 6. Qxd5 Nxd5 7. a3 e6
8. c4 Nb6 9. Nd2 Nc6 10. Nf3 f6 11. b4 O-O-O 12. Be3 g5 13. c5 Nd5 14. Bc4 Bg7
15. Rc1 g4 16. Nd2 e5 17. Bxd5 Rxd5 18. dxe5 Nxe5 19. O-O Nd3 20. Rc2 f5 21. g3
Re8 22. Rb1 h5 23. Nc4 h4 24. Kg2 h3+ 25. Kf1 Be5 26. Rb3 f4 27. Nxe5 Nxe5 28.
gxf4 Nf3 29. Rb1 Nxh2+ 30. Kg1 Nf3+ 31. Kh1 g3 32. fxg3 Rxe3 33. Rf2 Rxa3 0-1

[Event "XXV Coppa d'Oro"]
[Site "Villa Guardia ITA"]
[Date "2007.11.09"]
[Round "5"]
[White "Bellotto, Stefano"]
[Black "Ghelfi, Giancarlo"]
[Result "1-0"]
[WhiteElo "1999"]
[BlackElo "1538"]
[PlyCount "75"]
[EventDate "2007.10.05"]

1. e4 c5 2. Nf3 e6 3. d3 Nc6 4. g3 g6 5. Bg2 Bg7 6. O-O d5 7. Nbd2 Nf6 8. Re1
O-O 9. c3 b6 10. e5 Nd7 11. d4 f6 12. Bh3 Re8 13. exf6 Qxf6 14. Nb3 c4 15. Bg5
Qf7 16. Nbd2 Nf8 17. Ne5 Nxe5 18. dxe5 h6 19. Be3 Bxe5 20. Bxh6 Bg7 21. Bxg7
Qxg7 22. Nf3 Nh7 23. Bg2 Bb7 24. Ne5 Nf6 25. Qd2 Ne4 26. Bxe4 dxe4 27. Nxc4 Qc7
28. Ne3 Rad8 29. Qe2 Rd3 30. Rad1 Qc6 31. h4 Red8 32. Qg4 e5 33. h5 Kh7 34. Kg2
Bc8 35. hxg6+ Qxg6 36. Qh4+ Kg8 37. Rxd3 exd3 38. Qxd8+ 1-0

[Event "XXV Coppa d'Oro"]
[Site "Villa Guardia ITA"]
[Date "2007.10.26"]
[Round "5"]
[White "Bevilacqua, Roberto"]
[Black "Colombo, Alberto"]
[Result "1-0"]
[WhiteElo "2159"]
[BlackElo "2099"]
[PlyCount "47"]
[EventDate "2007.10.05"]

1. e4 e6 2. Nc3 d5 3. exd5 exd5 4. d4 Bf5 5. Bd3 Bxd3 6. Qxd3 Bb4 7. Nge2 Ne7
8. Qb5+ Nbc6 9. Qxb7 Bxc3+ 10. bxc3 Rb8 11. Qa6 Rb6 12. Qd3 Na5 13. O-O Nc4 14.
Bg5 O-O 15. Rfe1 f6 16. Bf4 Qd7 17. Nc1 g5 18. Bd2 Ng6 19. g3 Qg4 20. f3 Qh3
21. Nb3 Kf7 22. Re2 h5 23. Rae1 h4 24. Re7+ 1-0

[Event "XXV Coppa d'Oro"]
[Site "Villa Guardia ITA"]
[Date "2007.11.09"]
[Round "5"]
[White "Cairoli, Camillo"]
[Black "Laricini, Alberto"]
[Result "0-1"]
[WhiteElo "1937"]
[BlackElo "1667"]
[PlyCount "109"]
[EventDate "2007.10.05"]

1. Nf3 d5 2. g3 Nf6 3. Bg2 c6 4. d3 Bf5 5. Nbd2 e6 6. O-O Nbd7 7. c4 Be7 8. b3
O-O 9. Bb2 Re8 10. Re1 Bg6 11. e4 dxe4 12. dxe4 Nc5 13. Ne5 Nd3 14. Nxd3 Qxd3
15. Bf1 Qd8 16. Bc3 Qc7 17. e5 Nd7 18. h4 h6 19. Qf3 Rad8 20. b4 c5 21. b5 Nb6
22. a4 Rd7 23. Ne4 Red8 24. h5 Bh7 25. Qg4 Kh8 26. Nd6 Rf8 27. Re3 Kg8 28. f4
Qd8 29. Ne4 Bxe4 30. Rxe4 Kh8 31. f5 exf5 32. Qxf5 Bg5 33. Qf2 Bd2 34. Bb2 Bg5
35. Be2 Qc7 36. e6 Re7 37. Be5 Qc8 38. Bd6 Rxe6 39. Rxe6 Qxe6 40. Bxc5 Re8 41.
Bf3 Qxc4 42. Bxb7 Re2 43. Qf5 Be3+ 44. Bxe3 Rxe3 45. Kh2 Nxa4 46. Bd5 Qc7 47.
Qf4 Re2+ 48. Kh3 Qd7+ 49. Qg4 Rh2+ 50. Kxh2 Qxg4 51. Bxf7 Qe2+ 52. Kh3 Qxb5 53.
Bg6 Qd7+ 54. Kh2 Nb6 55. Re1 0-1

[Event "XXV Coppa d'Oro"]
[Site "Villa Guardia ITA"]
[Date "2007.11.09"]
[Round "5"]
[White "Corti, Filippo"]
[Black "Raineri, Pieroberto"]
[Result "0-1"]
[WhiteElo "1619"]
[BlackElo "1614"]
[PlyCount "146"]
[EventDate "2007.10.05"]

1. Nf3 Nf6 2. g3 g6 3. Bg2 Bg7 4. d4 O-O 5. O-O d6 6. c4 Nbd7 7. Nc3 e5 8. d5
a5 9. e4 Nc5 10. Qc2 Bd7 11. Be3 b6 12. a4 Na6 13. Nb5 Ng4 14. Bd2 Bh6 15. Bxh6
Nxh6 16. Qd2 Kg7 17. Ng5 Nc5 18. Ra3 f6 19. Ne6+ Nxe6 20. dxe6 Bxe6 21. Rc3 Rb8
22. f4 Rf7 23. fxe5 fxe5 24. Rxf7+ Nxf7 25. b3 Qd7 26. Rd3 Rf8 27. Nc3 Nh6 28.
Rf3 Rxf3 29. Bxf3 c6 30. Qe3 c5 31. Nb5 Nf7 32. h4 Kf6 33. Qe2 Ke7 34. Qd2 Kd8
35. Kf2 Qe7 36. Qe2 h5 37. Qe3 Qf6 38. Qd2 Ke7 39. Nc3 Bg4 40. Qe2 Be6 41. Kg2
Kd7 42. Qe1 Kc7 43. Nd5+ Bxd5 44. cxd5 Nh6 45. Qe2 Kb7 46. Qb5 Qe7 47. Qc6+ Ka7
48. Kf2 Ng8 49. Be2 Nf6 50. Ke3 Qd7 51. Qxd7+ Nxd7 52. g4 Nf6 53. gxh5 gxh5 54.
Kd3 Kb7 55. Bf3 Kc7 56. Kc4 Kc8 57. Kb5 Kb7 58. Kc4 Ka6 59. Kc3 b5 60. axb5+
Kxb5 61. Be2+ Kb6 62. Bf3 Ng4 63. Kd2 c4 64. Bxg4 hxg4 65. h5 g3 66. Ke2 cxb3
67. h6 b2 68. h7 b1=Q 69. h8=Q Qxe4+ 70. Kf1 Qf3+ 71. Ke1 Qf2+ 72. Kd1 Qg1+ 73.
Ke2 Qh2+ 0-1

[Event "XXV Coppa d'Oro"]
[Site "Villa Guardia ITA"]
[Date "2007.11.09"]
[Round "5"]
[White "Larghi, Riccardo"]
[Black "Curioni, Franco"]
[Result "0-1"]
[WhiteElo "1921"]
[BlackElo "2197"]
[PlyCount "50"]
[EventDate "2007.10.05"]

1. Nf3 f5 2. g3 Nf6 3. Bg2 g6 4. O-O Bg7 5. d4 O-O 6. c4 d6 7. Nc3 Qe8 8. Nd5
Na6 9. Nxf6+ Bxf6 10. Bh6 Bg7 11. Qd2 c6 12. Rfd1 e5 13. Ne1 f4 14. Bxg7 Kxg7
15. dxe5 dxe5 16. Qc3 Kg8 17. Nd3 e4 18. Nxf4 g5 19. Nh3 Qh5 20. Nxg5 Qxg5 21.
Bxe4 Bg4 22. f4 Qc5+ 23. Kg2 Rae8 24. Bf3 Bxf3+ 25. Kxf3 Qh5+ 0-1

[Event "XXV Coppa d'Oro"]
[Site "Villa Guardia ITA"]
[Date "2007.11.09"]
[Round "5"]
[White "Liscio, Giovanni"]
[Black "Giaracuni, Claudio"]
[Result "1-0"]
[WhiteElo "2018"]
[BlackElo "1759"]
[PlyCount "85"]
[EventDate "2007.10.05"]

1. d4 d5 2. c4 e6 3. Nc3 Nf6 4. Bg5 Nbd7 5. Nf3 Be7 6. e3 c6 7. Bd3 dxc4 8.
Bxc4 Nd5 9. Bxe7 Qxe7 10. O-O O-O 11. e4 Nxc3 12. bxc3 Nf6 13. Qe2 b5 14. Bd3
Bb7 15. Rac1 a6 16. Bb1 Rfd8 17. h4 g6 18. Ne5 c5 19. Rfd1 Rac8 20. Nf3 cxd4
21. cxd4 Rxc1 22. Rxc1 Rc8 23. Rxc8+ Bxc8 24. g3 Qb4 25. Bd3 Bb7 26. Qd2 Qxd2
27. Nxd2 Kf8 28. f3 Ke7 29. Nb3 Nd7 30. Kf2 Kd8 31. Ke3 Kc7 32. f4 h6 33. g4
Nf6 34. g5 hxg5 35. fxg5 Nd7 36. Nc5 Nxc5 37. dxc5 Kc6 38. Kd4 Bc8 39. Ke5 Kxc5
40. Kf6 Kd4 41. Kxf7 Kxd3 42. h5 Bb7 43. h6 1-0

[Event "XXV Coppa d'Oro"]
[Site "Villa Guardia ITA"]
[Date "2007.11.09"]
[Round "5"]
[White "Lotti, Riccardo"]
[Black "Gatti, Luigi"]
[Result "0-1"]
[WhiteElo "1398"]
[BlackElo "1425"]
[PlyCount "108"]
[EventDate "2007.10.05"]

1. d4 d5 2. c4 e6 3. Nc3 Nf6 4. Bg5 Nbd7 5. Nf3 Be7 6. Bxf6 Nxf6 7. e3 O-O 8.
Bd3 dxc4 9. Bxc4 c5 10. O-O a6 11. a4 Qc7 12. e4 cxd4 13. e5 dxc3 14. b3 Rd8
15. Qc2 Nd5 16. Qe4 Nb4 17. Rac1 c2 18. Nd4 Bd7 19. Nxc2 Bc6 20. Qe3 Nd5 21.
Qg3 Nb6 22. Ne3 Rd2 23. Rc2 Rxc2 24. Nxc2 Nxc4 25. bxc4 Rd8 26. Qc3 Qd7 27. Re1
Bxa4 28. c5 Rc8 29. Ne3 Bxc5 30. Rd1 Qxd1+ 31. Nxd1 Bxf2+ 32. Kxf2 Rxc3 33.
Nxc3 Bc6 34. g3 b5 35. Ke3 f5 36. exf6 gxf6 37. Kd4 b4 38. Nd1 Kf7 39. Kc5 Bf3
40. Nb2 b3 41. Kb4 Bd5 42. h3 Kg6 43. Ka5 Kg5 44. Kxa6 f5 45. Kb5 f4 46. gxf4+
Kxf4 47. Kc5 h5 48. Kd4 Kg3 49. Nd3 Kxh3 50. Kc3 Kg3 51. Kd2 h4 52. Ke2 Bc4 53.
Kf1 Bxd3+ 54. Kg1 b2 0-1

[Event "XXV Coppa d'Oro"]
[Site "Villa Guardia ITA"]
[Date "2007.11.09"]
[Round "5"]
[White "Moioli, Ferruccio"]
[Black "Grassetto, Gilberto"]
[Result "0-1"]
[WhiteElo "1521"]
[BlackElo "1923"]
[PlyCount "120"]
[EventDate "2007.10.05"]

1. d4 d5 2. Nc3 Nf6 3. Bf4 a6 4. e3 e6 5. Bd3 Nbd7 6. Nge2 c5 7. dxc5 Bxc5 8.
Ng3 b5 9. O-O Bb7 10. e4 e5 11. Bg5 h6 12. Bxf6 Nxf6 13. Qf3 d4 14. Nce2 O-O
15. Nh5 Nxh5 16. Qxh5 Qg5 17. Qxg5 hxg5 18. Ng3 g6 19. f3 Kg7 20. Nh1 b4 21.
Nf2 a5 22. Bc4 Ba6 23. Bxa6 Rxa6 24. Nd3 Bd6 25. Rac1 f5 26. g3 Raa8 27. c4
bxc3 28. bxc3 dxc3 29. Rxc3 Rfc8 30. Rfc1 Rxc3 31. Rxc3 Kf6 32. a4 Ke6 33. Rb3
Rc8 34. Rb5 Rc3 35. Rd5 fxe4 36. fxe4 Rc4 37. Rxa5 Rxe4 38. Ra8 Rd4 39. Nb2 e4
40. Ra6 Rb4 41. Ra5 Rxb2 42. Rxg5 Ra2 43. Rxg6+ Kd5 44. Rg5+ Be5 45. h4 Rxa4
46. h5 Kd4 47. h6 Ra6 48. Rh5 Rg6 49. h7 Bh8 50. Kf2 e3+ 51. Kf3 Rf6+ 52. Ke2
Rf2+ 53. Kd1 Ke4 54. Rc5 Kf3 55. Ke1 Ra2 56. Rf5+ Kxg3 57. Rc5 Rh2 58. Rc7 Be5
59. Re7 Kf4 60. Rb7 Bc3+ 0-1

[Event "XXV Coppa d'Oro"]
[Site "Villa Guardia ITA"]
[Date "2007.11.09"]
[Round "5"]
[White "Napoli, Ferdinando"]
[Black "Calabrese, Salvatore"]
[Result "1-0"]
[WhiteElo "1850"]
[BlackElo "1323"]
[PlyCount "41"]
[EventDate "2007.10.05"]

1. e4 g6 2. d4 Bg7 3. c4 c5 4. Nf3 Nc6 5. Be3 d6 6. Nc3 Bg4 7. d5 Bxf3 8. Qxf3
Nd4 9. Qd1 Qa5 10. Bd2 f5 11. exf5 Nxf5 12. Bd3 Bxc3 13. Bxc3 Qb6 14. Bxf5 Nf6
15. Be6 Rd8 16. O-O Rf8 17. Re1 Nd7 18. Qd2 Qa6 19. b3 b5 20. Bg7 Rf4 21. Qxf4
1-0

[Event "XXV Coppa d'Oro"]
[Site "Villa Guardia ITA"]
[Date "2007.11.09"]
[Round "5"]
[White "Zuccoli, Maurizio"]
[Black "Boffi, Luigi"]
[Result "1/2-1/2"]
[WhiteElo "1885"]
[BlackElo "1557"]
[PlyCount "101"]
[EventDate "2007.10.05"]

1. e4 d5 2. exd5 Qxd5 3. Nc3 Qa5 4. d4 c6 5. Bc4 Bf5 6. Nge2 e6 7. O-O Nf6 8.
Bd2 Nbd7 9. Nd5 Qd8 10. Nxf6+ Nxf6 11. Bg5 Be7 12. Ng3 Bg6 13. c3 O-O 14. Re1
Nd5 15. Bxe7 Qxe7 16. Qf3 Qc7 17. Re5 Nf6 18. Rae1 Rae8 19. h4 h6 20. h5 Bh7
21. Bd3 Bxd3 22. Qxd3 Re7 23. Nf5 Ree8 24. Nxh6+ gxh6 25. Qg3+ Kh8 26. R1e3 Rg8
27. Qf4 Nh7 28. Qxh6 Rg7 29. f4 Reg8 30. Re2 Qe7 31. d5 cxd5 32. Rxd5 Qf6 33.
Qxf6 Nxf6 34. Rde5 Rh7 35. Rb5 b6 36. Ree5 Nd7 37. Re2 Nc5 38. b4 Na4 39. Rc2
Rg3 40. c4 Rhg7 41. h6 R7g6 42. Rh5 Kh7 43. c5 bxc5 44. bxc5 Rc3 45. Rxc3 Nxc3
46. Re5 Rg8 47. f5 Rc8 48. fxe6 fxe6 49. Rxe6 Rxc5 50. Re7+ Kxh6 51. Rxa7
1/2-1/2

[Event "XXV Coppa d'Oro"]
[Site "Villa Guardia ITA"]
[Date "2007.11.16"]
[Round "6"]
[White "Bellotto, Stefano"]
[Black "Moioli, Ferruccio"]
[Result "0-1"]
[WhiteElo "1999"]
[BlackElo "1521"]
[PlyCount "106"]
[EventDate "2007.10.05"]

1. d4 g6 2. c4 Bg7 3. Nc3 d6 4. e4 Nf6 5. Nge2 c6 6. Ng3 Qb6 7. Na4 Qd8 8. Be2
Bd7 9. e5 dxe5 10. dxe5 Qa5+ 11. Bd2 Qxe5 12. Bc3 Qc7 13. Qd2 O-O 14. O-O-O c5
15. b3 Bxa4 16. bxa4 Nc6 17. Qe3 Nd7 18. Bxg7 Kxg7 19. f4 Nd4 20. Rd2 e6 21.
Bd1 Nb6 22. Bb3 a5 23. Ne4 e5 24. f5 Nxf5 25. Qxc5 Qxc5 26. Nxc5 Rac8 27. Nxb7
Nxc4 28. Rc2 Nfe3 29. Rc3 Nb6 30. Kb2 Rxc3 31. Kxc3 Rc8+ 32. Kd3 Nxg2 33. Ke4
f6 34. Rd1 Nxa4 35. Rd7+ Kh6 36. Kf3 Nc5 37. Nxc5 Rxc5 38. Kxg2 e4 39. Kf2 Re5
40. Ke3 f5 41. Bg8 Rc5 42. Rxh7+ Kg5 43. Kd4 Rc2 44. Rh3 Kf4 45. Rh4+ Kf3 46.
Rh3+ Kg2 47. Rg3+ Kxh2 48. Rxg6 Rd2+ 49. Ke3 Rd3+ 50. Kf2 Rf3+ 51. Ke2 f4 52.
Rh6+ Kg2 53. Bd5 Re3+ 0-1

[Event "XXV Coppa d'Oro"]
[Site "Villa Guardia ITA"]
[Date "2007.11.16"]
[Round "6"]
[White "Boffi, Luigi"]
[Black "Larghi, Riccardo"]
[Result "0-1"]
[WhiteElo "1557"]
[BlackElo "1921"]
[PlyCount "94"]
[EventDate "2007.10.05"]

1. Nf3 c5 2. c4 g6 3. Nc3 Bg7 4. e3 d6 5. d4 Nf6 6. dxc5 Qa5 7. Qa4+ Qxa4 8.
Nxa4 Bd7 9. Nc3 dxc5 10. Be2 Nc6 11. a3 Na5 12. Nd2 O-O 13. O-O Ne8 14. Nce4 b6
15. Rb1 f5 16. Ng3 e5 17. b4 Nb7 18. Bb2 Nc7 19. Rfd1 Ba4 20. Rdc1 Rad8 21.
Ngf1 Rd6 22. Bd1 Bc6 23. Bf3 e4 24. Bxg7 Kxg7 25. Be2 Rfd8 26. Nb3 Ne6 27. Rd1
Ba4 28. Rxd6 Rxd6 29. Nbd2 Bc2 30. Rc1 Bd3 31. Bd1 cxb4 32. axb4 a5 33. bxa5
Nxa5 34. Ba4 Nc5 35. Bb5 Kf6 36. h3 Rd8 37. g3 Rc8 38. f3 exf3 39. Kf2 Ne4+ 40.
Kxf3 Rc5 41. h4 Nd6 42. Rd1 Nxb5 43. cxb5 Bxb5 44. e4 Bc6 45. Re1 Nc4 46. g4
Ne5+ 47. Kg3 f4+ 0-1

[Event "XXV Coppa d'Oro"]
[Site "Villa Guardia ITA"]
[Date "2007.11.16"]
[Round "6"]
[White "Calabrese, Mattia"]
[Black "Lotti, Riccardo"]
[Result "0-1"]
[WhiteElo "1347"]
[BlackElo "1398"]
[PlyCount "114"]
[EventDate "2007.10.05"]

1. c4 e5 2. Nc3 Nf6 3. g3 Nc6 4. Bg2 Bc5 5. d3 O-O 6. Nf3 d6 7. O-O Bf5 8. Ne1
Qd7 9. Nc2 Rfe8 10. Bg5 Bg4 11. Bxf6 gxf6 12. Qd2 Kg7 13. e3 Bh3 14. a3 a5 15.
Nd5 Bxg2 16. Kxg2 Re6 17. b4 axb4 18. axb4 Rxa1 19. Rxa1 Bb6 20. Nxb6 cxb6 21.
b5 Ne7 22. Qd1 f5 23. h4 d5 24. Qh5 Rh6 25. Qf3 dxc4 26. dxc4 Qd3 27. Qxb7 Re6
28. Nb4 Qxc4 29. Nc6 Qd5+ 30. Kh2 Nxc6 31. bxc6 Qxc6 32. Qb8 Re8 33. Qa7 b5 34.
Qa2 Qc4 35. Qxc4 bxc4 36. Rc1 Rc8 37. Rc3 Kf6 38. Kh3 Ke6 39. g4 Rc5 40. gxf5+
Kxf5 41. Kg3 h5 42. f3 e4 43. Kf2 Ke5 44. Ke2 f5 45. fxe4 fxe4 46. Kd2 Kf5 47.
Rc1 Kg4 48. Rh1 Kf3 49. Rc1 Kg3 50. Rh1 Rd5+ 51. Kc3 Rd3+ 52. Kxc4 Rxe3 53. Kd4
Kf4 54. Rf1+ Rf3 55. Re1 Rd3+ 56. Kc4 Rd8 57. Kc3 e3 0-1

[Event "XXV Coppa d'Oro"]
[Site "Villa Guardia ITA"]
[Date "2007.11.16"]
[Round "6"]
[White "Calabrese, Salvatore"]
[Black "Corti, Filippo"]
[Result "0-1"]
[WhiteElo "1323"]
[BlackElo "1619"]
[PlyCount "78"]
[EventDate "2007.10.05"]

1. e4 c6 2. b3 d5 3. e5 Bf5 4. Bb2 e6 5. c4 dxc4 6. bxc4 Qb6 7. Bc3 Nd7 8. d4
Rd8 9. Nd2 Nh6 10. Rb1 Bxb1 11. Qxb1 Qxb1+ 12. Nxb1 Nf5 13. Nf3 Nb6 14. c5 Nd5
15. Ba5 b6 16. cxb6 axb6 17. Bd2 Bb4 18. Ba6 Bxd2+ 19. Nfxd2 Nxd4 20. Bb7 O-O
21. O-O Rd7 22. Ba6 b5 23. Ne4 Ra7 24. Nc5 Nb4 25. Rd1 Nxa6 26. Nxa6 Rxa6 27.
Rxd4 Rxa2 28. g4 Ra1 29. Rd1 c5 30. Kf1 c4 31. Ke1 b4 32. Rc1 Rd8 33. Rd1 Rxd1+
34. Kxd1 Rxb1+ 35. Kc2 Rf1 36. h4 Rxf2+ 37. Kc1 b3 38. Kb1 c3 39. h5 Rf1# 0-1

[Event "XXV Coppa d'Oro"]
[Site "Villa Guardia ITA"]
[Date "2007.11.16"]
[Round "6"]
[White "Colombo, Alberto"]
[Black "Laricini, Alberto"]
[Result "1/2-1/2"]
[WhiteElo "2099"]
[BlackElo "1667"]
[PlyCount "151"]
[EventDate "2007.10.05"]

1. Nf3 d5 2. d4 Nf6 3. Bg5 e6 4. Nbd2 Be7 5. e3 O-O 6. Bd3 h6 7. Bh4 Nbd7 8.
O-O c5 9. c3 a6 10. a4 b6 11. Qb1 Ne8 12. Bg3 Bd6 13. e4 Bxg3 14. hxg3 dxe4 15.
Bxe4 Rb8 16. Nc4 Bb7 17. Nfe5 Nxe5 18. dxe5 Qc7 19. Rd1 Bxe4 20. Qxe4 Rd8 21.
Qe2 a5 22. Rxd8 Qxd8 23. Rd1 Qc7 24. Qd3 Qb8 25. Qd8 Nc7 26. Qxb8 Rxb8 27. Rd7
Nd5 28. Nd6 Rf8 29. c4 Nb4 30. f4 Nd3 31. b3 Nc1 32. Rb7 Nxb3 33. Rxb6 Nd4 34.
Ra6 Nb3 35. Rb6 Nd4 36. Kf2 f6 37. exf6 gxf6 38. Ke3 Rd8 39. Ke4 Kg7 40. g4 Kg8
41. f5 exf5+ 42. gxf5 Rd7 43. Rb8+ Kg7 44. Rb7 Rxb7 45. Nxb7 Nb3 46. g4 Kf7 47.
Kd5 Nd2 48. Nxc5 Nf1 49. Ke4 Nd2+ 50. Kd4 Nf3+ 51. Kd5 Ne5 52. Ne4 Nxg4 53. Ng3
Ne3+ 54. Kc5 Ke7 55. Kb5 Kd7 56. c5 Kc7 57. Kxa5 Kc6 58. Kb4 Nd5+ 59. Kc4 Nc7
60. Nh5 Nd5 61. Ng3 Nc7 62. Ne2 h5 63. Nd4+ Kb7 64. Nf3 Kc6 65. a5 h4 66. Nxh4
Na6 67. Nf3 Nxc5 68. Nd4+ Kd6 69. Kb5 Kd5 70. Ne2 Kd6 71. Ng3 Kd5 72. a6 Nxa6
73. Kxa6 Ke5 74. Kb6 Kf4 75. Kc5 Kxg3 76. Kd4 1/2-1/2